000
00193 a2200097 4500
001
26087
100
_a
Adil A
245
_a
Elements of economics
260
_a
_b
NBF
_c
090
_c
17647
_d
17647
942
_a
NUST-CAE
_c
M
_c
8499
999
_c
261160
_d
261160